The Gemini syndrome : star wars of the oldest kind /

Bibliographic Details
Main Author: Culver, Roger B.
Format: Book
Language:English
Published: Tucson : Pachart Pub. House, [1979]
Series:Astronomy quarterly library ; 1.
Subjects:

MARC

Tag First Indicator Second Indicator Subfields
LEADER 00000cam a2200000 a 4500
001 in00000097662
005 20150924085344.0
008 800207s1979 azua b 00110 engm
010 |a  78059209   |z 78-59209 
020 |a 0912918179 :  |c $11.95 
035 |a (OCoLC)05929958 
035 |9 AAK9286AM 
040 |a DLC  |c DLC  |d m.c.  |d TXA  |d UtOrBLW 
049 |a TXAM  |c [985931] 
050 0 0 |a BF1713  |b  C84 
082 0 |a 133.5 
100 1 |a Culver, Roger B. 
245 1 4 |a The Gemini syndrome :  |b star wars of the oldest kind /  |c Roger B. Culver, Philip A. Ianna. 
264 1 |a Tucson :  |b Pachart Pub. House,  |c [1979] 
264 4 |c ©1979 
300 |a vii, 216 pages :  |b illustrations ;  |c 24 cm. 
336 |a text  |b txt  |2 rdacontent 
337 |a unmediated  |b n  |2 rdamedia 
338 |a volume  |b nc  |2 rdacarrier 
490 1 |a The Astronomy quarterly library ;  |v 1 
504 |a Includes bibliographical references and index. 
650 0 |a Astrology. 
830 0 |a Astronomy quarterly library ;  |v 1. 
999 |a MARS 
999 f f |s 2f07a96f-c5d2-3144-8f1c-bc576aea15c4  |i 2cedaed7-9fe7-311e-af78-131e9d397d48  |t 0 
952 f f |p ric  |a Texas A&M University  |b Rellis Campus  |c Joint Library Facility  |d Remote Storage  |t 0  |e BF1713 C84  |h Library of Congress classification  |i unmediated -- volume  |m A14806017442 
998 f f |a BF1713 C84  |t 0  |l Remote Storage